Ľudské zdroje v medzinárodnom podnikaní: expatrioti a lokalizácia v strednej a východnej Európe dizertačná práca
Na minha lista:
| Autor principal: | |
|---|---|
| Autor Corporativo: | |
| Outros Autores: | |
| Formato: | Livro |
| Idioma: | eslovaco |
| Publicado em: |
Bratislava
2009
|
| Assuntos: | |
| Tags: |
Sem tags, seja o primeiro a adicionar uma tag!
|
MARC
| LEADER | 00000nam$a2200000$$$4500 | ||
|---|---|---|---|
| 001 | 0105782 | ||
| 005 | 20230227090125.6 | ||
| 041 | 0 | |a slo | |
| 044 | |a SK | ||
| 245 | 1 | 0 | |a Ľudské zdroje v medzinárodnom podnikaní: expatrioti a lokalizácia v strednej a východnej Európe |b dizertačná práca |c Daniel Krajčík ; škol. Soňa Ferenčíková |
| 264 | 1 | |a Bratislava |c 2009 | |
| 300 | |a 160 s. | ||
| 610 | 2 | 0 | |a podnikanie medzinárodné |
| 610 | 2 | 0 | |a zdroje ľudské |
| 610 | 2 | 0 | |a východná Európa |
| 610 | 2 | 0 | |a Európa |
| 610 | 2 | 0 | |a stredná Európa |
| 100 | 1 | |a Krajčík, Daniel, 1981- | |
| 700 | 1 | |a Ferenčíková, Soňa, 1960- | |
| 710 | 2 | |a Obchodná fakulta EU. Katedra medzinárodného obchodu | |